000 00651nam a2200241 a 4500
999 _c4637
_d4637
001 4637
003 BD-JhCC
005 20171129130353.0
008 171129s19611977b |||| || | 001 0 eng d
035 _a(BD-JhCC)4637
040 _aBD-JhCC
_dBD-JhCC
041 _aeng
082 _a320
_bMAL 1977
100 _aMallick, Azizur Rahman
245 _aBritish Policy and the Muslims in Bengal 1757-1856 /
_c Azizur Rahman Mallick,
250 _a2nd Ed
260 _aDacca :
_bBangla academy,
_c1977.
300 _a408 p. :
_c21 cm.
504 _aIncludes index and bibliography
650 _aPolitical Science
942 _2ddc
_cBK